| 000 | nam a22 a 4500 | ||
|---|---|---|---|
| 999 |
_c60070 _d60070 |
||
| 003 | BLK | ||
| 005 | 20220907160750.0 | ||
| 008 | 180408b bul|||||r ||||||| ||bul|| | ||
| 010 | _aKNG00064200000 | ||
| 040 | _aBLK | ||
| 041 |
_aBUL _cBUL |
||
| 080 |
_aСелскостопански машини и инструменти. Селскостопанско машиностроене _b631.3 _x(035) _z631.3(035) |
||
| 100 | 1 |
_aПармаков, Димитър Й. _eпърви автор _9289572 |
|
| 139 |
_aПармаков, Димитър Й. и др. _bП 22 |
||
| 245 | 1 | 0 |
_aНаръчник на електротехника в селското стопанство _cДимитър Й. Пармаков; съавт. Ганчо Ив. Христов; съавт. Стоил Г. Станкев. |
| 250 | _a2. прераб. и доп. изд | ||
| 257 | _aBGR | ||
| 260 |
_aСофия _bЗемиздат _c1974 _fХасково : Ат. Стратиев |
||
| 300 |
_a352 с. _c21 см |
||
| 380 | _a63 | ||
| 650 | 4 |
_aСелскостопански машини и оръдия _9274068 |
|
| 653 | _aселско стопанство | ||
| 700 | 1 |
_aХристов, Ганчо Ив. _eсъавт. _9289573 |
|
| 700 | 1 |
_aСтанкев, Стоил Г. _eсъавт. _9289574 |
|
| 852 |
_aЦб 73538 _bЦб |
||
| 856 | 4 | _qpdf | |
| 856 | 4 | _qpdf | |
| 942 |
_cKNG _n0 _s1 |
||
| 944 |
_aCR _c13.06.2004 _kЧиталня |
||
| 944 |
_aED _c2022-09-07 _kир |
||
| 999 | _d60070 | ||